Statistics for Guess The Footballer From Career Transfers #4

Click here to take the quiz!

General Stats

  • This quiz has been taken 51 times
  • The average score is 4 of 20

Answer Stats

Career Transfers in OrderPlayer% Correct
Hoffenheim - Bayern Munich - Borussia DortmundNiklas Sule
48%
West Ham - Leeds - Man Utd - QPRRio Ferdinand
45%
Real Sociedad - Athletic Bilbao - BarcelonaInigo Martinez
40%
Neunkirchen - E. Frankfurt - Fenerbahce - PSG - Bolton - Qatar SC - Hull - DurgapurJay-Jay Okocha
33%
Leeds - Liverpool - Galatasaray - Melbourne Victory - Al-Gharafa - Melbourne HeartHarry Kewell
31%
Iwuanyanwu Nationale - Ajax - Inter - Arsenal - West Brom - PortsmouthNwankwo Kanu
29%
Blackburn - Chelsea - Newcastle - Fulham - Mlebourne City - Shamrock RoversDamien Duff
24%
Napoli - Parma - Inter - Juventus - Real Madrid - Juventus - Al-AhliFabio Cannavaro
24%
Newell's Old Boys - Boca Juniors - Roma - Real Madrid - Inter - BaselWalter Samuel
24%
Cork City - Reading - West Brom - Hull - Southampton - ReadingShane Long
21%
Lazio - AC Milan - Montreal Impact - ChennaiyinAlessandro Nesta
19%
UJA Alfortville - Toulouse - Sevilla - MonacoWissam Ben Yedder
19%
Chelsea - Hamburg - Nottingham Forest - New England Revolution - BurtonMichael Mancienne
17%
Arsenal - Reading - Chelsea - Aston Villa - Fulham - Stoke - BrightonSteve Sidwell
14%
Inter - Newcastle - Inter - RomaDavide Santon
12%
St. Patricks - Cork City - Reading - Wolves - Colorado RapidsKevin Doyle
12%
Liverpool - Blackburn - Aston Villa - Leeds - Derby - Wigan - BurtonStephen Warnock
10%
Reading - QPR - Crystal Palace - SouthamptonAlex McCarthy
5%
Stoke - Nottingham Forest - Derby - CelticKris Commons
5%
Lyon - PSG - AC Milan - Marseille - Bolton - Birmingham - LeicesterBruno Ngotty
2%

Score Distribution

Percentile by Number Answered

Percent of People with Each Score

Your Score History

You have not taken this quiz